| 000 | 00752nas a2200253 4500 | ||
|---|---|---|---|
| 001 | BR9500539 | ||
| 003 | BR-BrBNA | ||
| 005 | 20231205093829.0 | ||
| 007 | ta | ||
| 008 | 230509b bl.|||p| |||| 00| 00por d | ||
| 040 |
_aBR-BrBNA _bpor _cBiblioteca Nacional de Agricultura |
||
| 041 | _a(Pt) | ||
| 072 | _aL73 | ||
| 100 | 1 | _aReis, R. | |
| 100 | 1 | _aLemos, J.M. | |
| 100 | 1 | _aCavalcante, J.E. | |
| 245 | 1 | _aEstudo das lesoes pulmonares de suinos de abate | |
| 650 | _aSUÍNO | ||
| 650 | _aDoenca Respiratoria | ||
| 650 | _aPneumonia | ||
| 773 | 0 |
_tArquivo Brasileiro de Medicina Veterinaria e Zootecnia (Brazil) _xISSN 0102-0935 _g(Oct 1992), v. 44(5) p. 407-417 _wBR9500539 |
|
| 909 |
_a202311 _bLúcia _c55 _dLúcia Elande |
||
| 942 |
_2AGRIS _n0 _cANA |
||
| 999 |
_c140616 _d140616 |
||